| 000 | 00485 a2200157 4500 | ||
|---|---|---|---|
| 999 |
_c9422 _d9422 |
||
| 020 | _a0150043678 (Harcourt Brace Jovanovich) | ||
| 050 | 0 | 0 | _aKF2979 EIP 1989 |
| 100 | 1 |
_aEpstein, Michael A. _eauthor |
|
| 245 | 1 | 0 |
_aModern intellectual property / _cMichael A. Epstein. |
| 250 | _a2nd ed | ||
| 264 |
_aNew Jersey: _bPrentice hall law and business., _c1989 |
||
| 300 | _axxiii, 624 p. ; | ||
| 500 | _aIncludes index. | ||
| 650 | 0 | _aIntellectual property | |
| 942 |
_2lcc _cBK _h2979 _iEIP _kKF |
||